Galería de arcobricenses ilustres / (Record no. 158602)

MARC details
000 -LEADER
campo de control de longitud fija 01090nam a22002415i 4500
001 - NÚMERO DE CONTROL
campo de control 158602
003 - IDENTIFICADOR DE NÚMERO DE CONTROL
campo de control ES-MaACL
005 - FECHA Y HORA DE LA ÚLTIMA TRANSACCIÓN
campo de control 20250408205851.0
008 - DATOS DE LONGITUD FIJA--INFORMACIÓN GENERAL
campo de control de longitud fija 990310s1892 sp |||| | spa d
100 1# - ENTRADA PRINCIPAL--NOMBRE DE PERSONA
Nombre de persona Mancheño y Olivares, Miguel.
9 (RLIN) 129408
245 10 - MENCIÓN DEL TÍTULO
Título Galería de arcobricenses ilustres /
Mención de responsabilidad, etc. por D. Miguel Mancheño y Olivares ; precedida de una carta-misiva del el Doctor Thebussem.
260 ## - PUBLICACIÓN, DISTRIBUCIÓN, ETC.
Lugar de publicación, distribución, etc. Arcos de la Frontera :
Nombre del editor, distribuidor, etc. [s.n.],
Fecha de publicación, distribución, etc. 1892 (
Fabricante Imp. de "El Arcobricense")
300 ## - DESCRIPCIÓN FÍSICA
Extensión VI, 592 p. ;
Dimensiones 25 cm.
510 4# - NOTA DE CITAS O REFERENCIAS BIBLIOGRÁFICAS
Nombre de la fuente Palau,
Localización dentro de la fuente 148314
530 ## - NOTA DISPONIBLE DE FORMULARIO FÍSICO ADICIONAL
Nota de formato físico adicional disponible Disponible en formato digital.
594 ## - Nota al título y mención de responsabilidad
Nota al título y mención de responsabilidad Según el catálogo de la RAH, "el Doctor Thebussem" es seud. de Mariano Pardo de Figueroa y de la Serna.
650 #4 - PUNTO DE ACCESO ADICIONAL DE MATERIA--TÉRMINO DE MATERIA
Término de materia o nombre geográfico como elemento de entrada Arcobricenses-
Subdivisión general Biografías.
9 (RLIN) 157693
651 #4 - PUNTO DE ACCESO ADICIONAL DE MATERIA--NOMBRE GEOGRÁFICO
Nombre geográfico Arcos de la Frontera-
Subdivisión general Personajes.
9 (RLIN) 137053
700 1# - ENTRADA AGREGADA--NOMBRE PERSONAL
Nombre de persona Thebussem,
Títulos y otros términos asociados al nombre Doctor,
Fechas asociadas al nombre 1828-1918
9 (RLIN) 109885
852 ## - LOCALIZACIÓN
Ubicación ES-MaACL
Número de control de estantería G-11010
Nota libre - Enc. hol.
856 ## - LOCALIZACIÓN Y ACCESO ELECTRÓNICOS
Identificador Uniforme de Recursos <a href="http://www.bibliotecavirtualdeandalucia.es/catalogo/es/consulta/registro.cmd?id=8350">http://www.bibliotecavirtualdeandalucia.es/catalogo/es/consulta/registro.cmd?id=8350</a>
Nota pública Biblioteca Virtual de Andalucía
Holdings
Estatus retirado Estado de pérdida Estado de daño No para préstamo Colección Biblioteca de origen Biblioteca actual Ubicación en estantería Fecha de adquisición Fuente de adquisición Total de préstamos Signatura topográfica completa Código de barras Visto por última vez Precio de reemplazo Tipo de ítem Koha
        Colección digital Biblioteca del Ateneo de Madrid Biblioteca del Ateneo de Madrid Sala Pecera Planta 3 17/01/2008     G-11010 1166008 23/02/2023 23/02/2023 Libro impreso antiguo